Radioisotopes and their industrial applications / (Record no. 162876)
[ view plain ]
| 000 -LEADER | |
|---|---|
| fixed length control field | 00838cam3a220021700 4500 |
| 001 - CONTROL NUMBER | |
| control field | qce00661961 |
| 005 - DATE AND TIME OF LATEST TRANSACTION | |
| control field | 20190826100938.0 |
| 008 - FIXED-LENGTH DATA ELEMENTS--GENERAL INFORMATION | |
| fixed length control field | 881006s1964 ne a b 000 0 eng d |
| 035 ## - SYSTEM CONTROL NUMBER | |
| System control number | (Sirsi) r61027 |
| 035 ## - SYSTEM CONTROL NUMBER | |
| System control number | (QCAT)lss05583019 |
| 035 ## - SYSTEM CONTROL NUMBER | |
| System control number | (UPRA)qce00661961 |
| 040 ## - CATALOGING SOURCE | |
| Modifying agency | UPRA |
| 100 1# - MAIN ENTRY--PERSONAL NAME | |
| Personal name | Piraux, Henry. |
| Linkage | A20466.1 |
| 245 10 - TITLE STATEMENT | |
| Title | Radioisotopes and their industrial applications / |
| Statement of responsibility, etc. | [by] H. Piraux ; [translated from French by L.B. Firnberg]. |
| 260 ## - PUBLICATION, DISTRIBUTION, ETC. | |
| Place of publication, distribution, etc. | Eindhoven, The Netherlands : |
| Name of publisher, distributor, etc. | Philips Technical Library, |
| Date of publication, distribution, etc. | [c1964] |
| 504 ## - BIBLIOGRAPHY, ETC. NOTE | |
| Bibliography, etc. note | Bibliography: p. : [261]-265. |
| 650 #0 - SUBJECT ADDED ENTRY--TOPICAL TERM | |
| Topical term or geographic name entry element | Radioisotopes -- Industrial applications. |
| General subdivision | Radioisotopes -- Industrial applications. |
| Linkage | S14385.1 |
| 949 ## - LOCAL PROCESSING INFORMATION (OCLC) | |
| a | TK9400 |
| w | lcc |
| i | 33729001903884 |
| m | MAIN |
| p | 2500 |
| t | BOOK |
| l | ON-SHELF |
| 949 ## - LOCAL PROCESSING INFORMATION (OCLC) | |
| a | TK9400 |
| w | lcc |
| i | -80359 |
| m | MAIN |
| t | BOOK |
| l | ON-SHELF |
No items available.